Ragion di Stato : una testimonianza per Sacco e Vanzetti /

Salvato in:
Dettagli Bibliografici
Autore principale: Mühsam, Erich (Autore)
Altri autori: Chiusano, Italo Alighiero, Forbice, Aldo, Quarta, Cecilia
Natura: Libro
Lingua:italiano
Pubblicazione: Roma : Salerno, 2007
Edizione:2. ed
Serie:Faville ; 46
Tags: Aggiungi Tag
Nessun Tag, puoi essere il primo ad aggiungerne!!

MARC

LEADER 00000nam a22000007i 4500
001 IT\ICCU\MOD\1428514
003 ItRI
005 20260115232147.0
008 071112s2007 it |||||| ||||| |||||c
020 |a 9788884026040 
040 |b ita  |c importazione bologna sebina 
041 7 |a ita  |2 ISO-639-2 
100 1 |a Mühsam, Erich  |0 IT\ICCU\CFIV\000753  |4 aut 
240 1 0 |a Staaträson.  |3 IT\ICCU\TSA\0002306  |9 Mühsam, Erich 
245 1 0 |a Ragion di Stato :  |b una testimonianza per Sacco e Vanzetti /  |c Erich Mühsam ; a cura di Cecilia Quarta ; introduzione di Italo Alighiero Chiusano ; premessa di Aldo Forbice. 
250 |a 2. ed 
260 |a Roma :  |b Salerno,  |c 2007 
300 |a 159 p. ;  |c 20 cm. 
700 1 |a Chiusano, Italo Alighiero  |0 IT\ICCU\CFIV\012022 
700 1 |a Forbice, Aldo  |0 IT\ICCU\CFIV\011795 
700 1 |a Quarta, Cecilia  |0 IT\ICCU\SBLV\268773 
790 1 |a Chiusano, Alighiero  |3 IT\ICCU\SBNV\004643  |z Chiusano, Italo Alighiero 
790 1 |a Chiusano, I. Alighiero  |3 IT\ICCU\AUFV\000611  |z Chiusano, Italo Alighiero 
830 0 |a Faville ;  |v 46  |0 IT\ICCU\RAV\0335341 
942 |2 ddc  |c BK  |n 0 
952 |0 0  |1 0  |4 0  |6 DOC_832_912000000000000_MUH  |7 0  |9 21170  |a BO  |b BO  |d 2026-01-15  |i 19096  |l 0  |o DOC 832.912 MUH  |p BO19096  |r 2026-01-15 23:21:47  |w 2026-01-15  |x [Sebina 5] [1 v.]  |y BK  |z 1 v. 
999 |c 18091  |d 18091